000 00260nam a22000857a 4500
008 160704b xxu||||| |||| 00| 0 eng d
100 _92046
_a Levinthal, C.F
245 _aIntroduction to Physiological Psychology
260 _aNew Delhi
_b Prentice Hall of India
_c2003
999 _c1747
_d1747